000 00776nam a2200241Ia 4500
003 OSt
005 20220923221625.0
006 a|||||r|||| 00| 0
007 ta
008 220922b |||||||| |||| 00| 0 hin d
024 _a198,748
037 _cTextual
040 _aARTS
_cARTS
_bhin
041 _2hin
_ahin
082 _aP152:740bX62:8, M6
100 _aझाल्टे, दंगल
245 0 _aबैंको में हिन्दी पत्राचार
246 _aBaianko mean hindī patrāchāra
260 _aदिल्ली
_b प्राभात प्रकाशन
_c1986
300 _a203पृ.
_ccm.
942 _hP152:740bX62:8, M6
_cTEXL
_2CC
999 _c350557
_d350557